Datum a čas kvízu
24
Celkem bodů
Celkový počet nahraných bodů na tomto kvízu bez doplňovacích otázek.
5.
Pořadí na kvízu
Konečné umístění týmu na tomto kvízu.
Zaznamenané odpovědi
| # | Otázka | Odpověď | Body | Výsledky |
|---|---|---|---|---|
| 1. | Za nejapné vtipkování na adres... | 1 | ||
| 2. | Německá armáda schválila verzi... | 0 | ||
| 3. | Do našich kin přichází filmový... | 0 | ||
| 4. | Maďarský vynález, který v brzk... | 1 | ||
| 5. | Minulý týden ukončila svou kar... | 0 | ||
| 6. | Oslí můstek je výraz, který se... | 1 | ||
| 7. | Blízkým a poněkud ušlechtilejš... | 1 | ||
| 8. | Koňská síla (značka HP) je sta... | 1 | ||
| 9. | Nejen koně či automobily mají... | 1 | ||
| 10. | Abyste mohli ukázat svou sílu,... | 1 |